=LDR 00000nam 2200000 4500 =001 INLIS000000000050928 =005 20170807083551 =035 ##$$a 0010-0817000111 =007 ta =008 170807###########################0###### =020 ##$$a 978-979-1867-3-4-4 =082 ##$$a 658 =084 ##$$a 658 JHO t =100 #$$a Jhon Man =245 1#$$a The Leadership Secrets Op Genghis Khan /$c Jhon Man =250 ##$$a cet.1 =260 ##$$a Jakarta :$b Azkia Publisher,$c 2010 =300 ##$$a x, 251 hlm ; $c 20 cm =650 ##$$a Manjemen =700 #$$a Dewi Wulansari =504 ##$$a Bibliografi : hlm. 237-242 =990 ##$$a 90159015 =990 ##$$a 31701714